| 000 | 01141naa a22003257a 4500 | ||
|---|---|---|---|
| 001 | BR7805011 | ||
| 003 | BR-BrBNA | ||
| 005 | 20240918174152.0 | ||
| 007 | ta | ||
| 008 | 230509b bl.||||| |||| 00| 0 por d | ||
| 040 |
_aBR-BrBNA _bpor _cBiblioteca Nacional de Agricultura |
||
| 041 | _a(Pt) | ||
| 072 |
_aF00; F30 _b0210 _b3565 _b3690 |
||
| 090 | _aF00 BR7805011 | ||
| 100 | 1 | _aSouza, E.L.S. | |
| 100 | 1 | _aMizubuti, A. | |
| 100 | 1 | _aLopes, L.C. | |
| 100 | 1 | _aFontes, P.C.R. | |
| 245 | 1 | _aEfeito do meio de cultura no crescimento e diferenciacao de tecido meristematico de batateira, (Solanum tuberosum L.)[Producao vegetal; Estrutura vegetal] | |
| 260 | 3 |
_aBelo Horizonte, MG (Brasil): _c1978. |
|
| 500 | _aProjeto olericultura. Relatorio 76/77 Belo Horizonte, MG (Brasil): 1978. p. 117 (BR7805011-AM)F00 | ||
| 650 | _aProducao vegetal | ||
| 650 | _aEstrutura vegetal | ||
| 650 | _aBatata | ||
| 650 | _aTecido vegetal | ||
| 650 | _aMeristema | ||
| 773 | 0 |
_tProjeto olericultura. Relatorio 76/77 _wF00 BR7805011 _gBelo Horizonte, MG (Brasil), 1978. p. 117 |
|
| 909 |
_a202404 _bLucia _c55 _dLucia Elande |
||
| 942 |
_cAM _2AGRIS |
||
| 999 |
_c309346 _d309346 |
||